La Financiación local en España : problemática y líneas de reforma / Antoni Castells, Núria Bosch, Marta Espasa problemática y líneas de reforma / Antoni Castells, Núria Bosch, Marta Espasa
Descripción Física:
110, [96] p. ; 30 cm
Materias:
Finances locals -- Espanya
MARC
| LEADER | 00000nam a2200000Ia 4500 | ||
|---|---|---|---|
| 001 | 18538 | ||
| 008 | 160829s1993 xx 000 0 cat d | ||
| 080 | |a M-5-345 | ||
| 100 | |a Castells, Antoni |9 503 | ||
| 245 | |a La Financiación local en España : |b problemática y líneas de reforma / Antoni Castells, Núria Bosch, Marta Espasa | ||
| 260 | |a Barcelona : |b [Centre d'Estudis de Planificació], |c 1993 | ||
| 300 | |a 110, [96] p. ; |c 30 cm | ||
| 650 | |a Finances locals |x Espanya |9 24153 | ||
| 700 | |a Centre d'Estudis de Planificació |9 35043 | ||
| 700 | |a Bosch Roca, Núria |9 44638 | ||
| 700 | 1 | |a Espasa Queralt, Marta |9 39460 | |
| 901 | |a Arxiu | ||
| 942 | |n 1 | ||
| 952 | |0 0 |1 0 |4 0 |6 M5345 |7 1 |9 52064 |a Arxiu |b Arxiu |d 2016-12-01 |l 0 |o M-5-345 |p 18538 |r 2016-12-01 00:00:00 |w 2016-12-01 |y ARXIU | ||
| 999 | |c 55912 |d 55912 | ||